| 000 | 00951nam a2200241 a 4500 | ||
|---|---|---|---|
| 001 | 56984 | ||
| 003 | BD-RjUL | ||
| 005 | 20211209080445.0 | ||
| 008 | 161205b1965 bg ||||| |||| 00| 0 ben d | ||
| 020 | _c: Tk.2.00 | ||
| 035 | _a(BD-RjUL)57108 | ||
| 040 |
_aBD-RjUL _bben _cBD-RjUL _dBD-RjUL |
||
| 041 | _aben | ||
| 082 |
_223 _a297.61092 _bROI 1965 |
||
| 100 |
_aরসুল, মোহাম্মদ গোলাম _9169255 |
||
| 245 | 1 | 0 |
_aইমাম গায্যালী : _b(জীবনী ও চিন্তাধারা) / _cমোহাম্মদ গোলাম রসুল |
| 260 |
_aবগুড়া : _bসাহিত্য কটির, _c১৯৬৫ |
||
| 300 |
_a৯৮ পৃ. ; _c১৭ সেমি. |
||
| 504 | _aগ্রন্থপঞ্জি সংযুক্ত | ||
| 650 |
_aইসলামী নেতা _9169256 _vজীবনী |
||
| 650 |
_aIslamic Leader _9169257 _vBiography |
||
| 942 |
_2ddc _cBK |
||
| 999 |
_c56984 _d56984 |
||